| 000 | 00730nam a2200217 a 4500 | ||
|---|---|---|---|
| 005 | 20250807063851.0 | ||
| 008 | 010716s1999 mx r 000 0 spa d | ||
| 020 | _a8478691448 | ||
| 035 | _aUPN01000109720 | ||
| 049 | _aCG | ||
| 050 | 4 |
_aRJ506 D6.8 _bP7.6 1999 |
|
| 245 | 0 | 0 |
_aPrograma de atención temprana : _bintervención en niños con síndrome de Down y otros problemas de desarrollo / _cIsidoro Candel Gil ... [et al]. |
| 250 | _a3a ed. | ||
| 260 |
_aMadrid : _bCEPE, _c1999. |
||
| 300 |
_a309 p. : _bil. |
||
| 440 | 0 |
_aEducación especial y dificultades de aprendizaje ; _v31 |
|
| 650 | 2 |
_aEstimulación temprana _97970 |
|
| 650 | 4 |
_aSíndrome de Down _9923 |
|
| 700 | 1 |
_aCandel Gil, Isidoro, _ecoaut. |
|
| 905 | _aLibro | ||
| 999 |
_c83630 _d83630 |
||